84, Charing Cross Road / (Record no. 206883)

MARC details
000 -CABECERA
campo de control de longitud fija 00807cam a2200241 a 4500
005 - FECHA Y HORA DE LA ÚLTIMA TRANSACCIÓN
campo de control 20220524180900.0
008 - ELEMENTOS DE LONGITUD FIJA--INFORMACIÓN GENERAL
campo de control de longitud fija 191211s2002 sp gr 000 i spa d
020 ## - NÚMERO INTERNACIONAL NORMALIZADO PARA LIBROS
Número Internacional Estándar del Libro 843396982X
035 ## - NÚMERO DE CONTROL DEL SISTEMA
Número de control de sistema UPN01000234788
040 ## - FUENTE DE LA CATALOGACIÓN
Centro catalogador/agencia de origen MX-MxUPN
Lengua de catalogación spa
Centro/agencia transcriptor MX-MxUPN
050 14 - SIGNATURA TOPOGRÁFICA DE LA BIBLIOTECA DEL CONGRESO
Número de clasificación PS3515 A6.4
Número de documento/Ítem Z4.86
100 1# - ASIENTO PRINCIPAL--NOMBRE PERSONAL
Nombre de persona Hanff, Helene
9 (RLIN) 44530
245 10 - MENCIÓN DE TÍTULO
Título 84, Charing Cross Road /
Mención de responsabilidad, etc. Helene Hanff ; traducción de Javier Calzada ; post scriptum de Thomas Simonnet
260 ## - PUBLICACIÓN, DISTRIBUCIÓN, ETC.
Lugar de publicación, distribución, etc. Barcelona :
Nombre del editor, distribuidor, etc. Anagrama,
Fecha de publicación, distribución, etc. 2002.
300 ## - DESCRIPCIÓN FÍSICA
Extensión 126 páginas
490 0# - MENCIÓN DE SERIE
Mención de serie Panorama de narrativas ;
Designación de volumen o secuencia 522
600 #7 - ASIENTO SECUNDARIO DE MATERIA - NOMBRE PERSONAL
9 (RLIN) 44532
Nombre de persona Hanff, Helene
Subdivisión de forma Correspondencia, memorias, etc.
650 14 - ASIENTO SECUNDARIO DE MATERIA - TERMINO TEMATICO
9 (RLIN) 5165
Término de materia o nombre geográfico como elemento de entrada Literatura estadounidense
Subdivisión cronológica Siglo XX
700 1# - ASIENTO SECUNDARIO--NOMBRE DE PERSONAL
9 (RLIN) 44531
Nombre de persona Calzada, Javier
Término indicativo de función/relación traductor
905 ## - TIPO DE MATERIAL
Tipo de material Libro
942 ## - ELEMENTOS DE PUNTO DE ACCESO ADICIONAL (KOHA)
Fuente del sistema de clasificación o colocación Library of Congress Classification
Tipo de ítem Koha Libro
Holdings
Estado de retiro Estado de pérdida Fuente del sistema de clasificación o colocación Estado dañado No para préstamo Código de colección Localización permanente Ubicación/localización actual Ubicación en estantería Fecha de adquisición Clasificación Código de barras Fecha visto por última vez Tipo de ítem Koha
    Library of Congress Classification     Colección General Bib. Gregorio Torres Quintero Bib. Gregorio Torres Quintero Planta baja 24/05/2022 PS3515 A6.4 Z4.86 334307 31/12/2020 Libro